Catálogo
 En Linea

Plan estratégico de la asociación de productores agrícolas de San Juan de la Maguana /. (Registro nro. 36943)

Detalles MARC
000 -CABECERA
campo de control de longitud fija 00967nam a2200169 a 4500
001 - NÚMERO DE CONTROL
campo de control 000037453
005 - FECHA Y HORA DE LA ÚLTIMA TRANSACCIÓN
campo de control 20200930080358.0
008 - DATOS DE LONGITUD FIJA--INFORMACIÓN GENERAL
campo de control de longitud fija 120418s1997 dr 000 0 spa d
040 ## - FUENTE DE LA CATALOGACIÓN
Centro catalogador/agencia de origen DO-SdBNP
Lengua de catalogación spa
Centro/agencia transcriptor BNPHU
082 ## - NÚMERO DE LA CLASIFICACIÓN DECIMAL DEWEY
Número de clasificación xxxx
Número de documento/Ítem xxxx
245 00 - MENCIÓN DE TÍTULO
Título Plan estratégico de la asociación de productores agrícolas de San Juan de la Maguana /.
260 ## - PUBLICACIÓN, DISTRIBUCIÓN, ETC.
Lugar de publicación, distribución, etc. Santo Domingo, :
Nombre del editor, distribuidor, etc. Junta Agroempresarial Dominicana,
Fecha de publicación, distribución, etc. 1997.
300 ## - DESCRIPCIÓN FÍSICA
Extensión 80 p. ;
Dimensiones 23 cm.
490 0# - MENCIÓN DE SERIE
Mención de serie Planes estrategicos
Designación de volumen o secuencia 1
505 0# - NOTA DE CONTENIDO CON FORMATO
Título Resumen ejecutivo --
-- Introducción --
-- Antecedentes --
-- La agricultura de la región y de la asociación --
-- El entorno nacional e internacional en relación con la agricultura de la región --
-- La asociacion de productores agricolas de San Juan de la Maguana: diagnistico de los problemas y oportunidades --
-- Plan de acción para la asociación --
-- Implicaciones del plan --
-- Impacto del plan estrategico --
-- Recomendaciones /
830 #0 - PUNTO DE ACCESO ADICIONAL DE SERIE-TÍTULO UNIFORME
Título uniforme Planes estrategicos
Número de parte o sección de la obra 1
9 (RLIN) 63904
Existencias
Estado de retiro Estado de pérdida No para préstamo Código de colección Localización permanente Ubicación/localización actual Ubicación en estantería Fecha de adquisición Número de inventario Total de préstamos Signatura topográfica completa Código de barras Fecha visto por última vez Número de copia Precio válido a partir de Tipo de ítem Koha
    Excluido de préstamo Patrimonio Dominicano General General Depósito 20.04.2012 LF1   xxxx xxxx 37453-20 25.06.2020 e. 2 25.06.2020 Libro y Folleto Colección Patrimonio Dominicano
    Excluido de préstamo Patrimonio Dominicano Patrimonio Dominicano Patrimonio Dominicano Depósito 18.04.2012 LF1   xxxx xxxx 37453-10 25.06.2020   25.06.2020 Libro y Folleto Colección Patrimonio Dominicano

Con tecnología Koha